Jin gui jiao xue can kao zi liao / (Record no. 12925)

MARC details
000 -LEADER
fixed length control field 01270cam a2200313 a 4500
001 - CONTROL NUMBER
control field c 67000554
003 - CONTROL NUMBER IDENTIFIER
control field DLC
005 - DATE AND TIME OF LATEST TRANSACTION
control field 20260227111036.0
008 - FIXED-LENGTH DATA ELEMENTS--GENERAL INFORMATION
fixed length control field 031030s1961 cc b 000 0 chi
010 ## - LIBRARY OF CONGRESS CONTROL NUMBER
LC control number c 67000554
035 ## - SYSTEM CONTROL NUMBER
System control number (CStRLIN)DCLP03-B16242
040 ## - CATALOGING SOURCE
Original cataloging agency DLC
Transcribing agency DNLM
Modifying agency OCoLC
-- MH-HY
-- CStRLIN
-- DLC-R
-- DLC
042 ## - AUTHENTICATION CODE
Authentication code lccopycat
050 00 - LIBRARY OF CONGRESS CALL NUMBER
Classification number RS125.C443
Item number N3
066 ## - CHARACTER SETS PRESENT
Alternate G0 or G1 character set $1
245 00 - TITLE STATEMENT
Linkage 880-01
Title Jin gui jiao xue can kao zi liao /
Statement of responsibility, etc. Nanjing Zhong yi xue yuan jin gui jiao yan zu bian zhu.
250 ## - EDITION STATEMENT
Linkage 880-02
Edition statement Di 1 ban.
260 ## - PUBLICATION, DISTRIBUTION, ETC.
Linkage 880-03
Place of publication, distribution, etc. Shanghai :
Name of publisher, distributor, etc. Shanghai ke xue ji shu chu ban she,
Date of publication, distribution, etc. 1961
Date of manufacture (1962 printing)
300 ## - PHYSICAL DESCRIPTION
Extent 4, 348 p. ;
Dimensions 21 cm.
504 ## - BIBLIOGRAPHY, ETC. NOTE
Bibliography, etc. note Bibliography: p. 348.
650 #0 - SUBJECT ADDED ENTRY--TOPICAL TERM
Topical term or geographic name entry element Medicine
General subdivision Formulae, receipts, prescriptions.
700 12 - ADDED ENTRY--PERSONAL NAME
Linkage 880-04
Personal name Zhang, Zhongjing,
Dates associated with a name active 168-196.
Title of a work Jin gui yao lüe.
710 2# - ADDED ENTRY--CORPORATE NAME
Linkage 880-05
Corporate name or jurisdiction name as entry element Nanjing Zhong yi xue yuan.
Subordinate unit Jin gui jiao yan zu.
880 00 - ALTERNATE GRAPHIC REPRESENTATION
Linkage 245-01/$1
a 金匱敎學参考資料 /
c 南京中医学院金匱敎研組編著.
880 ## - ALTERNATE GRAPHIC REPRESENTATION
Linkage 250-02/$1
a 第1版.
880 ## - ALTERNATE GRAPHIC REPRESENTATION
Linkage 260-03/$1
a 上海 :
b 上海科学技术出版社,
c 1961
g (1962 printing)
880 12 - ALTERNATE GRAPHIC REPRESENTATION
Linkage 700-04/$1
a 張仲景,
d active 168-196.
t 金匱要略.
880 2# - ALTERNATE GRAPHIC REPRESENTATION
Linkage 710-05/$1
a 南京中医学院.
b 金匱敎研組.

No items available.

Powered by Koha